000 00586nam a2200217Ia 4500
008 180523s9999 xx 000 0 und d
020 _a1-4039-0783-8
050 _aMAIN HM 1221
050 _b.D38 2004
100 _aDavis, Anthony.
245 0 _aMastering public relations /
245 0 _cAnthony Davis, Richard Pettinger, business series editor.
260 _aNew York :
260 _bPalgrave Macmillan,
260 _c2004
300 _a216 pages :
300 _c23 cm.
440 _aPalgrave master series
500 _aIncludes index.
650 _aPublic relations.
999 _c357276
_d357276